UM Logo

Balagtasan: (Record no. 6655)

MARC details
000 -LEADER
fixed length control field 00472nam a22001577a 4500
008 - FIXED-LENGTH DATA ELEMENTS--GENERAL INFORMATION
fixed length control field 170424b xxu||||| |||| 00| 0 eng d
020 ## - INTERNATIONAL STANDARD BOOK NUMBER
International Standard Book Number 9715503195
082 ## - DEWEY DECIMAL CLASSIFICATION NUMBER
Edition number 1999
Classification number DFil 899.2111
Item number Z1
100 ## - MAIN ENTRY--PERSONAL NAME
9 (RLIN) 20150
Personal name Zafra, Galileo S.
245 ## - TITLE STATEMENT
Title Balagtasan:
Remainder of title kasaysayan at antolohiya/
Statement of responsibility, etc. Galileo S. Zafra.
260 ## - PUBLICATION, DISTRIBUTION, ETC. (IMPRINT)
Place of publication, distribution, etc. Quezon City:
Name of publisher, distributor, etc. ADMU Press,
Date of publication, distribution, etc. c1999.
300 ## - PHYSICAL DESCRIPTION
Extent ix, 281 pages;
Dimensions 23 cm.
650 #0 - SUBJECT ADDED ENTRY--TOPICAL TERM
9 (RLIN) 20151
Topical term or geographic name as entry element Filipino poetry.
365 ## - TRADE PRICE
Price amount 341.00
Currency code Php.
942 ## - ADDED ENTRY ELEMENTS (KOHA)
Source of classification or shelving scheme Dewey Decimal Classification
Koha item type Filipiniana
Holdings
Withdrawn status Lost status Source of classification or shelving scheme Damaged status Not for loan Collection code Home library Current library Date acquired Source of acquisition Total Checkouts Full call number Barcode Date last seen Cost, replacement price Price effective from Koha item type
    Dewey Decimal Classification     Filipiniana UM Digos College - LIC UM Digos College - LIC 10/28/2003 Purchased   DFil 899.2111 Z1 1999 16251 06/08/2021 341.00 04/24/2017 Filipiniana